L' amicizia /

Saved in:
Bibliografiske detaljer
Hovedforfatter: Cicerone, Marco Tullio (Cicero, Marcus Tullius)
Format: Bog
Sprog:engelsk
Udgivet: Roma TEN 1994
Serier:100 pagine 1000 lire - Tascabili Economici Newton
Tags: Tilføj Tag
Ingen Tags, Vær først til at tagge denne postø!

MARC

LEADER 00000nam a2200000 4500
001 CDOM0000004882
003 mi
005 20251004003648.0
008 251004b |||||||| |||| 00| 0 eng d
020 |a 8879830589 
040 |c mi 
100 |a Cicerone, Marco Tullio (Cicero, Marcus Tullius) 
245 1 |a L' amicizia /  |c Marco Tullio Cicerone ; cura e versione di Emma Maria Gigliozzi 
260 |a Roma  |b TEN  |c 1994 
300 |a 90 p.  |c 20 cm. 
490 |a 100 pagine 1000 lire - Tascabili Economici Newton 
942 |2 ddc  |c BK 
952 |0 0  |1 0  |2 ddc  |4 0  |6 B_LCL01CICERAMI11  |7 0  |9 7562  |a MI  |b MI  |d 2011-09-21  |i 3178  |l 0  |o B-LCL01-CICER-AMI11  |p CDOM3178  |r 2025-07-13 16:28:00  |w 2025-07-13  |y BK 
999 |c 6252  |d 6252